000 00439nam a2200157 4500
001 112121
003 ES-MaACL
005 20230906185439.0
007 t|
008 061121s1913 sp r ||||1| val d
100 1 _aNavarro y Reig, Víctor.
_985191
245 1 3 _aLa pan dels poblets /
_cmoda original de Víctor Navarro y Reig.
260 _aValencia :
_bManuel Pau,
_c1913.
300 _a192 p. ;
_c19 cm.
852 _aES-MaACL
_jF-9045
999 _c112121
_d112121